<?xml version="1.0" encoding="UTF-8"?>
<marc:record xmlns:marc="http://www.loc.gov/MARC21/slim">
   <marc:leader>00000nam a2200000 a 4500</marc:leader>
   <marc:datafield ind1="1" ind2=" " tag="100">
      <marc:subfield code="a">Bahr, Hans-Eckehard</marc:subfield>
      <marc:subfield code="4">aut</marc:subfield>
      <marc:subfield code="e">Verfasser/-in</marc:subfield>
   </marc:datafield>
   <marc:datafield ind1=" " ind2=" " tag="653">
      <marc:subfield code="a">Hoffnung</marc:subfield>
   </marc:datafield>
   <marc:datafield ind1=" " ind2=" " tag="653">
      <marc:subfield code="a">Bibel</marc:subfield>
   </marc:datafield>
   <marc:datafield ind1=" " ind2=" " tag="653">
      <marc:subfield code="a">Zukunftsperspektiven</marc:subfield>
   </marc:datafield>
   <marc:datafield ind1="0" ind2="0" tag="245">
      <marc:subfield code="a">Hoffen</marc:subfield>
   </marc:datafield>
   <marc:datafield ind1="0" ind2="0" tag="245">
      <marc:subfield code="b">Geschichten vom gelingenden Leben</marc:subfield>
   </marc:datafield>
   <marc:datafield ind1=" " ind2="1" tag="264">
      <marc:subfield code="a">Stuttgart</marc:subfield>
      <marc:subfield code="b">Kreuz</marc:subfield>
      <marc:subfield code="c">1988</marc:subfield>
   </marc:datafield>
   <marc:datafield ind1="1" ind2=" " tag="520">
      <marc:subfield code="a">PZ 2/88*83 Bahr erzählt Geschichten von "maßloser" Hoffnung, vom Entrinnen und Überleben. Rettung sieht er bereits "in der kleinsten Unterbrechung der Katastrophe". Beispiele der HOffnung (z.B. die Überlieferung der 36 Gerechten aus dem judentum) werden durch solche vom Gegenteil ergänzt. Aber nur die Erinnerung an diejenigen, die dem Bösen widerstanden, können nach Ansicht Bahrs unsere Hoffnung stärken. Seine Erwartungen bezieht der Autor aus den hoffnungsbildern der Bibel. Er will aber nicht passiv verharren und auf das ewige Leben warten. Mit Paul Tillich teilt er die Ansicht, daß Rettung nur möglich ist, wenn wir jetzt daran teilnehmen und eine Umkehr zum Leben verwirklichen. Bahrs Hoffnungs-Geschichten fordern alle auf, nicht Zustimmung, sondern Widerspruch zum Bestehenden zu leisten</marc:subfield>
   </marc:datafield>
   <marc:datafield ind1="0" ind2=" " tag="490">
      <marc:subfield code="v">0</marc:subfield>
   </marc:datafield>
   <marc:datafield ind1=" " ind2=" " tag="300">
      <marc:subfield code="a">91 S.</marc:subfield>
   </marc:datafield>
</marc:record>
